000 00844nam0a22002291 4500
001 v19\rc\1461363
005 20260407002229.0
035 _a(NLR Aleph) 004599076
090 _a2760894
_c2760894
100 _a20060620d1878 |||y0rusy50 ca
101 0 _arus
102 _aRU
105 _ay z |||||
200 1 _aУстав Общества для содействия русскому торговому мореходству
_e[... Утв. 25 сент. 1873 г.]
210 _a[Санкт-Петербург]
_dценз. 1878
215 _a3 с.
_d19
710 0 2 _aОбщество для содействия русскому торговому мореходству
_cМосква
_3RU\NLR\AUTH\889992787
_9481918
801 0 _aRU
_bNLR
_gpsbo
801 1 _aRU
_bProSoft-M
_2rusmarc
852 _aNLR
_j18.129.1.285
942 _cBOOK
980 _aNB